[Event "Muensterland Open"]
[Site "Senden GER"]
[Date "2006.10.09"]
[Round "4"]
[White "Kuempers,U"]
[Black "Felczer,K"]
[Result "1/2-1/2"]
[WhiteElo "2127"]
[BlackElo "2239"]

1.d4 e6 2.c4 Nf6 3.Nf3 b6 4.g3 Ba6 5.Qc2 c5 6.Bg2 Nc6 7.dxc5 Bxc5 8.O-O O-O
9.a3 Bb7 10.b4 Be7 11.Bb2 Rc8 12.Nbd2 d6 13.Rfd1 Qc7 14.Rac1 Nb8 15.Ng5 Nbd7
16.Bxb7 Qxb7 17.Nde4 Nxe4 18.Qxe4 Qxe4 19.Nxe4 Nf6 20.Nxd6 Rc6 21.Nb5 a6
22.Nd4 Rc7 23.Nb3 Rfc8 24.c5 bxc5 25.Nxc5 Bxc5 26.Rxc5 Rxc5 27.bxc5 Kf8 28.Bxf6 gxf6
29.Rd6 Rxc5 30.Rxa6 Rc2 31.e3 Ra2 32.Kg2 f5 33.Ra8+ Kg7 34.a4 Ra3 35.a5 Ra2
36.Kf3 Ra4 37.a6 Ra2 38.h3 Ra5 39.g4 fxg4+ 40.hxg4 h5 41.gxh5 Rxh5 42.Rb8 Ra5
43.Rb6 Ra2 44.Kg3 Kf6 45.f3 Ke5 46.Rb5+ Kf6 47.Rb6 Ke5 48.e4 Ra4 49.Rb5+ Kf6
50.Rb6 Ke5 51.Rb7 Rxa6 52.Rxf7 Ra1 53.Rf8 Rg1+ 54.Kf2 Ra1 55.Rd8 Kf4 56.Rf8+ Ke5
57.Rh8 Kf4 58.Rh4+ Ke5 59.Rh6 Rb1 60.Rh4 Ra1  1/2-1/2

[Event "56th TCh-BUL"]
[Site "Sunny Beach BUL"]
[Date "2006.10.10"]
[Round "6"]
[White "Vasilev,M"]
[Black "Panajotov,J"]
[Result "1-0"]
[WhiteElo "2429"]
[BlackElo "2262"]

1.d4 e6 2.c4 Nf6 3.Nf3 b6 4.g3 Ba6 5.b3 Bb4+ 6.Bd2 Be7 7.Bg2 c6 8.Bc3 d5
9.Ne5 Ne4 10.Bxe4 dxe4 11.e3 O-O 12.f3 f6 13.Ng4 exf3 14.Qxf3 Bb7 15.O-O Qc7
16.Nd2 Nd7 17.e4 f5 18.Ne3 c5 19.d5 Bf6 20.Bxf6 Nxf6 21.Qf4 Qxf4 22.Rxf4 g5
23.Rf2 Nxe4 24.Nxe4 fxe4 25.dxe6 Rxf2 26.Kxf2 Bc8 27.e7 Kf7 28.Nd5 Bd7 29.Ke3 Re8
30.Rf1+ Kg7 31.Kxe4 Bc6 32.Ke5 Bxd5 33.cxd5 Rxe7+ 34.Kd6 Re2 35.Kc6 Rxh2
36.d6 Rxa2 37.Rd1  1-0

[Event "Corporacion del Sur A"]
[Site "Buenos Aires ARG"]
[Date "2006.10.11"]
[Round "9"]
[White "Roselli Mailhe,B"]
[Black "Hellsten,J"]
[Result "1/2-1/2"]
[WhiteElo "2445"]
[BlackElo "2592"]

1.d4 e6 2.c4 Nf6 3.Nf3 b6 4.g3 Ba6 5.b3 Bb7 6.Bg2 Bb4+ 7.Bd2 a5 8.O-O O-O
9.Qc2 d6 10.a3 Bxd2 11.Nbxd2 Nbd7 12.e4 e5 13.d5 c6 14.Rfc1 Qb8 15.Nh4 g6
16.Qd3 b5 17.a4 b4 18.Bh3 Nc5 19.Qe3 Qd8 20.Rf1 Qe7 21.Rae1 Rae8 22.Re2 Qd8
23.f3 Nh5 24.Qh6 Qf6 25.Bg2 Qg7 26.Qe3 Nf6 27.Bh3 cxd5 28.exd5 e4 29.Qd4 exf3
30.Rxe8 Rxe8 31.Nhxf3 Nfe4 32.Re1  1/2-1/2

[Event "Festival Najdorf Buenos Aires-Varsovia"]
[Site "Buenos Aires ARG"]
[Date "2006.10.19"]
[Round "2"]
[White "Kempinski,R"]
[Black "Zarnicki,P"]
[Result "1/2-1/2"]
[WhiteElo "2590"]
[BlackElo "2509"]

1.d4 Nf6 2.Nf3 e6 3.c4 b6 4.g3 Ba6 5.Qa4 Bb7 6.Bg2 c5 7.dxc5 Bxc5 8.O-O O-O
9.Nc3 Be7 10.Bf4 Na6 11.Rfd1 Nc5 12.Qc2 Qc8 13.Rd4 d5 14.Ne5 Nce4 15.Nxe4 Nxe4
16.Bxe4 dxe4 17.Rd7 Bc5 18.Rad1 f6 19.Qc3 a5 20.a3 a4 21.h4 Ba6 22.Ng4 e5
23.Bxe5 Rf7 24.Rd8+ Qxd8 25.Rxd8+ Rxd8 26.Bf4 Rc8 27.Be3 Bf8 28.Bxb6 Rxc4
29.Qd2 Rc6 30.Ba5 Bc8 31.Ne3 Rd7 32.Qe1 Bc5 33.Qc3 Bb7  1/2-1/2

[Event "Festival Najdorf Buenos Aires-Varsovia"]
[Site "Buenos Aires ARG"]
[Date "2006.10.19"]
[Round "2"]
[White "Sorin,A"]
[Black "Olszewski,Mi"]
[Result "1-0"]
[WhiteElo "2490"]
[BlackElo "2431"]

1.d4 Nf6 2.c4 e6 3.Nf3 b6 4.g3 Ba6 5.Qb3 Bb7 6.Bg2 c5 7.O-O cxd4 8.Nxd4 Bxg2
9.Kxg2 Qc7 10.Qf3 Nc6 11.Bf4 Qb7 12.Nb5 Rc8 13.N1c3 a6 14.Nd6+ Bxd6 15.Bxd6 Nd8
16.e4 Rxc4 17.Rfe1 b5 18.Rad1 h5 19.Kg1 h4 20.g4 b4 21.Nd5 Nxd5 22.exd5 h3
23.b3 Rc3 24.Qf4 a5 25.Qg5 f6 26.Qxg7 Nf7 27.Qxf6 Nxd6 28.Qxh8+ Ke7 29.g5 Ne8
30.Rxe6+  1-0

[Event "14th Chigorin Mem"]
[Site "St-Petersburg RUS"]
[Date "2006.10.23"]
[Round "1"]
[White "Lovkov,R"]
[Black "Grigoriants,S RUS"]
[Result "0-1"]
[WhiteElo "2414"]
[BlackElo "2582"]

1.d4 Nf6 2.Nf3 e6 3.c4 b6 4.g3 Ba6 5.b3 Bb4+ 6.Bd2 Be7 7.Nc3 c6 8.Rc1 d5
9.cxd5 cxd5 10.Bg2 O-O 11.Ne5 Nfd7 12.Nf3 Bb7 13.O-O Nc6 14.Re1 Rc8 15.Qc2 Ba3
16.Rcd1 Ba6 17.Qb1 h6 18.Qa1 Nb4 19.Qb1 Rc6 20.Bc1 Bxc1 21.Rxc1 Qc7 22.a3 Rc8
23.axb4 Rxc3 24.Rxc3 Qxc3 25.Qa2 Bb5 26.Qxa7 Qxb3 27.Qa1 Qxb4 28.Rb1 Qc4
29.Bf1 Qc6 30.Qa3 Bc4 31.Nd2 b5 32.Ra1 Nb6 33.Qb4 Ra8 34.Rxa8+ Qxa8 35.Qd6 Qb7
36.Qb4 Qc7 37.Nf3 Nc8 38.Ne5 Nd6 39.Qa3 Ne4 40.Qa8+ Kh7 41.Qe8 Nd6 42.Qc6 Qxc6
43.Nxc6 Ne4 44.e3 g5 45.Nb4 Nd2 46.Bd3+ Bxd3 47.Nxd3 g4 48.Kg2 Kg7 49.h3 h5
50.h4 Kf8 51.Kg1 Ke7 52.Kg2 f6 53.Nb4 Kd6 54.Kg1 Kc7 55.Nd3 Kb6 56.f3 Nxf3+
57.Kf2 Nd2 58.Ke1 Ne4 59.Nf4 Nxg3 60.Nxe6 Kc6  0-1

[Event "14th Chigorin Mem B"]
[Site "St-Petersburg RUS"]
[Date "2006.10.23"]
[Round "1"]
[White "Valov,I"]
[Black "Kuznetsov,G"]
[Result "1-0"]
[WhiteElo "2298"]
[BlackElo "2131"]

1.d4 Nf6 2.c4 e6 3.Nf3 b6 4.g3 Ba6 5.Qa4 c6 6.Nc3 d5 7.Ne5 Qc8 8.Bg2 Be7
9.cxd5 exd5 10.Nxd5 Nxd5 11.Bxd5 O-O 12.Be4 Qh3 13.Nxc6 Nxc6 14.Bxc6 Rac8
15.d5 Qg2 16.Rf1 Rxc6 17.dxc6 Bb4+ 18.Qxb4 Re8 19.Be3 Rxe3 20.O-O-O Qxc6+
21.Kb1 Re8 22.Rd6 Qc8 23.Rc1 Qf5+ 24.Ka1 h6 25.Qa4 Qe5 26.Rcd1 Bxe2 27.Qxe8+ Qxe8
28.Rd8 Bb5 29.Rxe8+ Bxe8 30.Rd8 Kf8 31.Ra8 Ke7 32.Rxa7+ Kd6 33.b3 Bd7 34.Kb2 g5
35.Kc3 Be6 36.Kd4 h5 37.h4 gxh4 38.gxh4 Kc6 39.Re7 Kd6 40.Rxe6+ Kxe6 41.a4 Kd6
42.b4 Kc6 43.Ke5  1-0

[Event "WYB12"]
[Site "Batumi GEO"]
[Date "2006.10.25"]
[Round "7"]
[White "Baider,D"]
[Black "Vishwanath,P"]
[Result "1-0"]
[WhiteElo "2081"]
[BlackElo "2006"]

1.d4 Nf6 2.c4 e6 3.Nf3 b6 4.g3 Ba6 5.Qa4 c6 6.Nc3 d5 7.cxd5 Nxd5 8.e4 Bxf1
9.Kxf1 b5 10.Qb3 Nb6 11.Kg2 Bd6 12.Bg5 Be7 13.Bxe7 Qxe7 14.d5 a6 15.Rhd1 O-O
16.a4 exd5 17.exd5 Nxa4 18.Nxa4 bxa4 19.d6 Qf6 20.Qb7 Qd8 21.d7 Nxd7 22.Rxd7 Qf6
23.Rxa4 Rfb8 24.Rxa6  1-0

[Event "14th Chigorin Mem"]
[Site "St-Petersburg RUS"]
[Date "2006.10.25"]
[Round "4"]
[White "Rychagov,A"]
[Black "Maiorov,N"]
[Result "1/2-1/2"]
[WhiteElo "2572"]
[BlackElo "2481"]

1.d4 Nf6 2.Nf3 e6 3.c4 b6 4.g3 Ba6 5.b3 Bb4+ 6.Bd2 Be7 7.Bg2 d5 8.O-O O-O
9.cxd5 exd5 10.Nc3 Bb7 11.Qc2 Na6 12.Rfd1 h6 13.Ne5 Re8 14.Bf4 Bf8 15.a3 c6
16.e4 Nc7 17.b4 Ne6 18.Be3 Rc8 19.Qb3 Ba8 20.exd5 cxd5 21.b5 Re7 22.a4 Rec7
23.Nc6 Bxc6 24.bxc6 Rxc6 25.Nxd5 Nxd5 26.Qxd5 Rd6 27.Qe4 Rc4 28.Qd3 Rb4 29.d5 Nc5
30.Qc2 Rd7 31.Bd2 Rd4 32.Bc3 Rc4 33.Bf1 Re4 34.Bg2 Rc4 35.Rd4 Rxc3 36.Qxc3 Be7
37.Rad1  1/2-1/2

[Event "14th Chigorin Mem B"]
[Site "St-Petersburg RUS"]
[Date "2006.10.26"]
[Round "5"]
[White "Rumiantseva,M"]
[Black "Foglia,M"]
[Result "0-1"]
[WhiteElo "2053"]
[BlackElo "2099"]

1.d4 Nf6 2.c4 e6 3.Nf3 b6 4.g3 Ba6 5.Qc2 Bb4+ 6.Nbd2 Bb7 7.Bg2 O-O 8.O-O Be7
9.e4 d5 10.e5 Ne4 11.b3 Na6 12.a3 c5 13.Bb2 Nxd2 14.Nxd2 cxd4 15.Bxd4 Rc8
16.Qd1 Qd7 17.Qe2 dxc4 18.Bxb7 Qxb7 19.Nxc4 Nc5 20.Bxc5 Rxc5 21.Rfd1 Qc7
22.Qe4 h6 23.Ra2 b5 24.Nd6 Rc1 25.Rd2 Qc3 26.Qd3 Rxd1+ 27.Rxd1 Qxe5 28.Nxb5 Rd8
29.Qxd8+ Bxd8 30.Rxd8+ Kh7 31.Nd6 Qa1+ 32.Kg2 Qxa3 33.Nxf7 Qxb3 34.Ra8 Kg6
35.Ne5+ Kf5 36.Nf3 Qb7 37.Rf8+ Ke4 38.Rf4+ Kd3 39.Rd4+ Kc3 40.Ra4 Kb3 41.Rd4 a5
42.Rd3+ Kc4 43.Re3 a4 44.Kg1 Qa6 45.Nd2+ Kd5 46.Nb1 Kd6 47.Na3 Qc6 48.Rd3+ Ke7
49.Re3 Kf6 50.h3 g5 51.Kh2 h5 52.Rd3 Qc1 53.Re3 Qf1 54.Rf3+ Ke7 55.g4 hxg4
56.hxg4 e5 57.Rf5 Ke6 58.Kg3 Qg1+ 59.Kf3 e4+ 60.Ke3 Qxg4 61.Rf8 Qh3+ 62.f3 Ke7  0-1

[Event "AVTOGAZ 40"]
[Site "Togliatti RUS"]
[Date "2006.10.26"]
[Round "7"]
[White "Zubarev,Al1"]
[Black "Zagrebelny,S"]
[Result "1/2-1/2"]
[WhiteElo "2490"]
[BlackElo "2484"]

1.d4 e6 2.Nf3 Nf6 3.c4 b6 4.g3 Ba6 5.b3 Bb4+ 6.Bd2 Be7 7.Bg2 c6 8.Nc3 d5
9.Ne5 Nfd7 10.Nxd7 Nxd7 11.cxd5 cxd5 12.O-O Nf6 13.Qc1 Rc8 14.Qb2 O-O 15.Rfc1 Qd7  1/2-1/2

[Event "NWAPA Rector Cup"]
[Site "St Petersburg RUS"]
[Date "2006.10.30"]
[Round "1"]
[White "Brodsky,M"]
[Black "Anisimov,P"]
[Result "1/2-1/2"]
[WhiteElo "2566"]
[BlackElo "2527"]

1.d4 Nf6 2.c4 e6 3.Nf3 b6 4.g3 Ba6 5.b3 Bb4+ 6.Bd2 Be7 7.Bg2 c6 8.Bc3 O-O
9.O-O d5 10.Nbd2 Nbd7  1/2-1/2

[Event "14th Chigorin Mem"]
[Site "St-Petersburg RUS"]
[Date "2006.10.30"]
[Round "9"]
[White "Gavariev,R"]
[Black "Zacurdajev,M"]
[Result "0-1"]
[WhiteElo "2324"]
[BlackElo "2376"]

1.d4 Nf6 2.c4 e6 3.Nf3 b6 4.g3 Ba6 5.b3 d5 6.Bg2 dxc4 7.Ne5 Bb4+ 8.Kf1 Bd6
9.Nxc4 Nd5 10.Ne3 c6 11.Bf3 O-O 12.Kg2 Nd7 13.Nc2 f5 14.Bb2 Qg5 15.Nc3 N7f6
16.Nxd5 Nxd5 17.Ba3 Bxa3 18.Nxa3 f4 19.Qd2 Bxe2 20.Qxe2 fxg3 21.Qe4 Rxf3
22.hxg3 Rxf2+ 23.Kxf2 Rf8+ 24.Kg2 Ne3+ 25.Kh3 Rf6 26.g4 h5 27.Kg3 Nxg4 28.Rxh5 Qxh5
29.Rh1 Nh2 30.Nc4 Qg5+  0-1

[Event "Open A"]
[Site "Le Touquet FRA"]
[Date "2006.11.03"]
[Round "9"]
[White "Marzolo,C"]
[Black "Bruned,B"]
[Result "1/2-1/2"]
[WhiteElo "2483"]
[BlackElo "2211"]

1.d4 Nf6 2.c4 e6 3.Nf3 b6 4.g3 Ba6 5.Qc2 Bb7 6.Bg2 c5 7.d5 exd5 8.cxd5 Nxd5
9.O-O Nb4 10.Qb3 Bd5 11.Qd1 Bc6 12.Nc3 Be7 13.a3 N4a6 14.Qc2 O-O 15.e4 Nc7
16.Rd1 Ne6 17.Be3 d6 18.Rd2 Re8 19.Rad1 Qc7 20.Nd5 Bxd5 21.exd5 Nf8 22.b4 Nbd7
23.Bf1 a6 24.a4 Rec8 25.b5 a5 26.Re2 Ne5 27.Ne1 Bf6 28.h3  1/2-1/2

[Event "NWAPA Rector Cup"]
[Site "St Petersburg RUS"]
[Date "2006.11.03"]
[Round "5"]
[White "Smirnov,Arte"]
[Black "Anisimov,P"]
[Result "1-0"]
[WhiteElo "2375"]
[BlackElo "2527"]

1.d4 Nf6 2.c4 e6 3.Nf3 b6 4.g3 Ba6 5.Qc2 Bb7 6.Bg2 c5 7.d5 exd5 8.cxd5 Bxd5
9.Nc3 Bc6 10.e4 d6 11.Bf4 Nh5 12.O-O-O Nxf4 13.gxf4 Be7 14.e5 O-O 15.h4 f6
16.Ne4 d5 17.exf6 gxf6 18.Neg5 fxg5 19.hxg5 Rf7 20.Ne5 Qd6 21.Rh6 Qc7 22.Nxf7 Qxf4+
23.Kb1 Kxf7 24.Rxh7+  1-0

[Event "VII Rapid"]
[Site "El Sauzal ESP"]
[Date "2006.11.04"]
[Round "4"]
[White "Henriquez Garcia,D"]
[Black "Kurajica,B"]
[Result "0-1"]
[WhiteElo "2144"]
[BlackElo "2555"]

1.d4 Nf6 2.c4 e6 3.Nf3 b6 4.g3 Ba6 5.Qc2 Bb7 6.Bg2 c5 7.d5 exd5 8.Nh4 Nc6
9.cxd5 Nb4 10.Qd2 Bxd5 11.Bxd5 Nbxd5 12.O-O Nc7 13.e4 d6 14.Nf5 g6 15.Nxd6+ Qxd6
16.Qxd6 Bxd6 17.e5 Bxe5 18.Re1 O-O-O  0-1

[Event "British Rapidplay"]
[Site "Halifax ENG"]
[Date "2006.11.04"]
[Round "2"]
[White "Radovanovic,J"]
[Black "Gormally,D"]
[Result "0-1"]
[WhiteElo "2331"]
[BlackElo "2519"]

1.d4 Nf6 2.Nf3 e6 3.c4 b6 4.g3 Ba6 5.b3 b5 6.Bg2 bxc4 7.Ne5 Bb4+ 8.Bd2 cxb3
9.Qxb3 Bxd2+ 10.Nxd2 d5 11.Qa3 Qd6 12.Qa4+ c6 13.Rc1 O-O 14.Nb3 Bb5 15.Qa5 Nbd7
16.a4 Bc4 17.Nxc4 dxc4 18.Rxc4 Rab8 19.Nc5 Rb1+ 20.Kd2 Rb2+ 21.Ke1 Nb6 22.Rb4 Rc2
23.Nd3 Nfd5 24.Rb3 Ra2 25.Qc5 Qxc5 26.Nxc5 Nxa4 27.Nxa4 Rxa4 28.e3 Ra2 29.Be4 a5
30.Bb1 Ra4 31.Ke2 Rb4 32.Rxb4 axb4 33.Be4 Nc3+ 34.Kd3 Rc8 35.Ra1 f5 36.Bf3 c5
37.dxc5 Rxc5 38.Ra8+ Kf7 39.Rb8 Na2 40.Bd1 Rd5+ 41.Kc2 Rc5+ 42.Kb2 Nc3 43.Bb3 Rc6
44.Rxb4 Ne4 45.f3 Nd2 46.e4 fxe4 47.fxe4 Kf6 48.Rd4 Nf3 49.Rd3 Nxh2 50.Bd1 Ke5
51.Rd7 Rd6 52.Rxd6 Kxd6 53.Kc3 Nf1 54.g4  0-1

[Event "Open"]
[Site "Santo Domingo DOM"]
[Date "2006.11.04"]
[Round "7"]
[White "Mikhalevski,V"]
[Black "Quezada,Y"]
[Result "0-1"]
[WhiteElo "2580"]
[BlackElo "2515"]

1.d4 Nf6 2.c4 e6 3.Nf3 b6 4.g3 Ba6 5.b3 Bb4+ 6.Bd2 Be7 7.Bg2 c6 8.O-O d5
9.Qc2 O-O 10.Bf4 Nbd7 11.Rd1 Rc8 12.Nc3 Nh5 13.Bc1 f5 14.e3 Bb7 15.Ne2 Qe8
16.Nf4 Bd6 17.Bb2 h6 18.Ne5 Nxf4 19.exf4 Nxe5 20.dxe5 Be7 21.Qe2 Qf7 22.a4 Ba6
23.h4 Bb4 24.h5 c5 25.Bxd5 exd5 26.e6 Qe7 27.Rxd5 Rce8 28.Qe5 Bc8 29.Rd6 Rf6
30.Rad1 Rxe6 31.Rxe6 Bxe6 32.Rd6 Qf7 33.Qe2 Bc8 34.Qf1 Re1 35.Rd8+ Kh7 36.Rxc8 Rxf1+
37.Kxf1 Qb7 38.Rd8 Qh1+ 39.Ke2 Qe4+  0-1

[Event "Petersburg Autumn"]
[Site "St Petersburg RUS"]
[Date "2006.11.04"]
[Round "5"]
[White "Korennoi,V"]
[Black "Churkin,V"]
[Result "0-1"]
[WhiteElo "2199"]
[BlackElo "2309"]

1.d4 Nf6 2.c4 e6 3.Nf3 b6 4.g3 Ba6 5.b3 Bb7 6.Bg2 Bb4+ 7.Bd2 a5 8.O-O O-O
9.Qc2 d5 10.Bf4 Be7 11.Nc3 Na6 12.Rad1 Ne4 13.cxd5 Nxc3 14.Qxc3 Bxd5 15.Ne5 Bxg2
16.Kxg2 Qd5+ 17.f3 Qb5 18.Rf2 c5 19.d5 exd5 20.Rxd5 Rfd8 21.Rxd8+ Rxd8 22.Ng4 Nb4
23.Qe5 Qd7 24.a3 Nd5 25.Bc1 f5 26.Bb2 Bg5 27.h4 Re8 28.hxg5 Rxe5 29.Nxe5 Ne3+
30.Kh2 Qd2 31.Nd3 Qc2 32.Bc1 Nd5 33.e4 Qxd3 34.exd5 Qxd5 35.b4 axb4 36.axb4 Qd4
37.Rb2 c4 38.Ra2 c3 39.b5 Qd5 40.Ra3 Qxf3 41.Bf4 Qe2+ 42.Kh3 c2 43.Ra8+ Kf7
44.Rc8 Kg6 45.Rc6+ Kh5 46.Rc7 h6 47.gxh6 g5 48.Bxg5 Kxg5 49.h7 Qh5+ 50.Kg2 Qxh7
51.Rxc2 Qd7 52.Rb2 Qd5+ 53.Kh2 Qd4 54.Rb1 Kg4 55.Rg1 Qxg1+  0-1

[Event "10th OIBM"]
[Site "Bad Wiessee GER"]
[Date "2006.11.08"]
[Round "5"]
[White "Skembris,S"]
[Black "Nagel,B"]
[Result "1/2-1/2"]
[WhiteElo "2455"]
[BlackElo "2226"]

1.d4 e6 2.Nf3 Nf6 3.c4 b6 4.g3 Ba6 5.Qa4 Bb7 6.Bg2 c5 7.dxc5 Bxc5 8.Nc3 O-O
9.O-O Be7 10.Rd1 Na6 11.Be3 Nc5 12.Bxc5 bxc5 13.Ne5 Bxg2 14.Kxg2 Qb8 15.Nxd7 Nxd7
16.Rxd7 Qxb2 17.Rb1 Qxc3 18.Rxe7 Qd2 19.Kf1 Qh6 20.Kg1 a6 21.Rbb7 Qd2 22.Kf1 Qc1+
23.Kg2 Qd2 24.Qd7 Qxd7 25.Rexd7 g6 26.Rbc7 Rad8 27.Rxd8 Rxd8 28.Rxc5 Rd2
29.Ra5 Rxe2 30.Rxa6 Rc2 31.Ra4 Kg7 32.Kf3 f5 33.Ke3 Kf6 34.h4 h6 35.a3 g5
36.hxg5+ hxg5 37.Rb4 f4+ 38.gxf4 gxf4+ 39.Kxf4 Rxf2+ 40.Ke4 Ke7 41.Rb6 Ra2
42.Ra6 Kd7 43.a4 Kc7 44.a5 Kb7 45.Rb6+ Kc7 46.Rb5 Ra1 47.Kd4 Kc6 48.Rc5+ Kd6
49.Rh5 Kc6 50.Re5 Kd7 51.Kc3 Kd6 52.Rb5 Kc6 53.Kb2 Ra4 54.Kb3 Ra1 55.Rb6+ Kc5
56.Rxe6 Rxa5 57.Re5+ Kb6 58.Rxa5 Kxa5 59.Kc3 Kb6 60.Kd4 Kc6  1/2-1/2

[Event "10th OIBM"]
[Site "Bad Wiessee GER"]
[Date "2006.11.09"]
[Round "6"]
[White "Chetverik,M"]
[Black "Gerstner,B"]
[Result "1-0"]
[WhiteElo "2289"]
[BlackElo "2144"]

1.d4 Nf6 2.c4 e6 3.Nf3 b6 4.g3 Ba6 5.Qa4 Bb7 6.Bg2 c5 7.O-O cxd4 8.Nxd4 Bxg2
9.Kxg2 Qc8 10.Rd1 a6 11.f3 Qb7 12.Nc3 Be7 13.Bg5 Nc6 14.Bxf6 gxf6 15.Nxc6 Qxc6
16.Rd3 Qxa4 17.Nxa4 b5 18.cxb5 axb5 19.Nb6 Ra7 20.Rc1 Bd8 21.Nc8 Rxa2 22.Rb3 Ra5
23.Nd6+ Ke7 24.Nxb5 Bb6 25.Nd6 Rc5 26.Rc4 Kxd6 27.Rxb6+ Kd5 28.Ra4 Rc6 29.Rb7 Rd6
30.Rc7 f5 31.e4+ fxe4 32.fxe4+ Ke5 33.Rc5+  1-0

[Event "TCh-NED 2006-7"]
[Site "Netherlands NED"]
[Date "2006.11.11"]
[Round "3"]
[White "Hoeksema,E"]
[Black "Wantola,I"]
[Result "0-1"]
[WhiteElo "2373"]
[BlackElo "2226"]

1.d4 Nf6 2.c4 e6 3.Nf3 b6 4.g3 Ba6 5.Qc2 c5 6.d5 exd5 7.cxd5 Bb7 8.e4 Qe7
9.Bd3 Nxd5 10.a3 Nc7 11.O-O Ne6 12.Nc3 g6 13.Nd5 Qd8 14.b4 Bg7 15.Bb2 O-O
16.Bxg7 Kxg7 17.Qb2+ f6 18.Bc4 Nc6 19.bxc5 Na5 20.Ba2 bxc5 21.Rfd1 Rb8 22.Qc1 Nc6
23.Nf4 Ned4 24.Nxd4 cxd4 25.Ne2 Qe7 26.Bd5 Rfc8 27.Qf4 Qe5 28.Qd2 Qe7 29.Nxd4 Ne5
30.Bxb7 Rxb7 31.Qe2 Rcb8 32.Qa6 Ng4 33.Qe2 Ne5 34.h3 Rb2 35.Qa6 Qc5 36.Rac1 Qb6
37.Qa4 Rb7 38.Rc2 Rxc2 39.Qxc2 Rc7 40.Qe2 Qa5 41.Qb2 Qa4 42.Qb3 Qxb3 43.Nxb3 Rc3
44.Nd4 Rxa3 45.Nb5 Ra5 46.Nc3 Rc5 47.Nd5 a5 48.Nb6 Rc7 49.f4 Nf7 50.Rd4 d6
51.Ra4 Rb7 52.Nd5 Ra7 53.Kf2 Nd8 54.Ke3 Ne6 55.Ra3 Nc5 56.Nc3 Kf7 57.Nb5 Ra6
58.Kd4 Ke7 59.Kd5 Nd7 60.Nc7 Nb6+ 61.Kd4 Ra7 62.Nb5 Ra8 63.Nc3 a4 64.Nd5+ Nxd5
65.Kxd5 Ra5+ 66.Kc6 Rc5+ 67.Kb6 Rc4 68.Re3 Rb4+ 69.Ka5 Rb3  0-1

[Event "1st GMA Cup"]
[Site "Manila PHI"]
[Date "2006.11.18"]
[Round "2"]
[White "Vakhidov,T"]
[Black "Gomez,Joh"]
[Result "1-0"]
[WhiteElo "2522"]
[BlackElo "2387"]

1.d4 Nf6 2.c4 e6 3.Nf3 b6 4.g3 Ba6 5.Qa4 c5 6.Bg2 Bb7 7.dxc5 bxc5 8.Nc3 Be7
9.O-O O-O 10.Rd1 d6 11.Bf4 a6 12.Rd2 Qc7 13.Rad1 Rd8 14.a3 h6 15.h3 e5 16.Be3 Nc6
17.Nd5 Nxd5 18.cxd5 Nd4 19.Bxd4 exd4 20.Rc2 Qb6 21.Nd2 Qb5 22.Qc4 Bc8 23.b4 Rb8
24.Qxb5 Rxb5 25.bxc5 dxc5 26.Nc4 Bf5 27.Rdc1 h5 28.a4 Rbb8 29.Ne5 Rbc8 30.g4 hxg4
31.hxg4 Bd7 32.Nxd7 Rxd7  1-0

[Event "1st GMA Cup"]
[Site "Manila PHI"]
[Date "2006.11.18"]
[Round "2"]
[White "Makinano,A"]
[Black "Bitoon,R"]
[Result "1/2-1/2"]
[WhiteElo "2337"]
[BlackElo "2433"]

1.d4 Nf6 2.Nf3 e6 3.c4 b6 4.g3 Ba6 5.Qa4 c5 6.Bg2 Bb7 7.O-O cxd4 8.Nxd4 Bxg2
9.Kxg2 Qc8 10.Nc3 Be7 11.Bf4 Qb7+ 12.f3 a6 13.e4 O-O 14.Rfd1 Rc8 15.Rd3 d6
16.Nde2 Ne8 17.Rad1 Nd7 18.R3d2 Nc5 19.Qc2 h6 20.Qb1 Bf8 21.e5 g5 22.exd6 Nd7
23.Be3 Ne5 24.Qe4 Qxe4 25.Nxe4 Nxc4 26.Bf2 Nxd2 27.Rxd2 f5 28.d7 fxe4 29.dxc8=Q Rxc8
30.Bxb6 Nd6 31.b3 Kf7 32.fxe4 Nxe4 33.Rd7+ Kg6 34.Rd4 Nd6 35.Ra4 Rc6 36.Bf2 e5
37.g4 h5 38.h3 hxg4 39.hxg4 Kf6 40.Ng3 Ke6 41.Be3 Be7 42.Kf3 Bd8 43.Ne4 Nxe4
44.Kxe4 a5 45.Rc4 Rxc4+ 46.bxc4 a4 47.Ba7 Bc7 48.Bc5 Ba5 49.Bf8 Bc7 50.c5 Ba5
51.c6 Bb6 52.Bb4 Bd8 53.Bc5 Bc7 54.Be3 Bd8 55.Bf2 Ba5 56.Be3 Bd8 57.Bd2 Kd6
58.Bc3 Kxc6 59.Bxe5 Kc5 60.Bb2 Kb4  1/2-1/2

[Event "TCh-FIN 2006-7"]
[Site "Tampere FIN"]
[Date "2006.11.18"]
[Round "4"]
[White "Veingold,A"]
[Black "Kulaots,K"]
[Result "1/2-1/2"]
[WhiteElo "2443"]
[BlackElo "2550"]

1.d4 Nf6 2.c4 e6 3.Nf3 b6 4.g3 Ba6 5.b3 b5 6.cxb5 Bxb5 7.Bg2 Bb4+ 8.Bd2 a5
9.Ne5 d5 10.Nc3 Ba6 11.Na4 Nfd7 12.Nxd7  1/2-1/2

[Event "1st GMA Cup"]
[Site "Manila PHI"]
[Date "2006.11.19"]
[Round "4"]
[White "Wang Rui"]
[Black "Bitoon,R"]
[Result "1-0"]
[WhiteElo "2463"]
[BlackElo "2433"]

1.d4 Nf6 2.Nf3 e6 3.c4 b6 4.g3 Ba6 5.Nbd2 d5 6.Bg2 Be7 7.O-O O-O 8.cxd5 exd5
9.Ne5 Bb7 10.b3 a5 11.Bb2 a4 12.bxa4 c5 13.Ndc4 Ra7 14.Na3 Nc6 15.Nb5 Ra8
16.dxc5 bxc5 17.Rc1 c4 18.Nf3 Ne4 19.Nfd4 Nxd4 20.Bxd4 Nc5 21.Nc3 Ne6 22.Rb1 Qd7
23.Bb6 d4 24.Bxb7 Qxb7 25.Bxd4 Qc6 26.Rb6 Qc8 27.Nd5 Bd8 28.Bc3 Re8 29.a5 Qc5
30.Bb4 Qc8 31.Qd2 Ra7 32.Rd6 h6 33.Nb6 Qb7 34.Rd7 Bc7 35.Nxc4 Qb5 36.Na3 Qf5
37.Qd5 Qg4 38.Qf3 Qxf3 39.exf3 Rb8 40.Bc3 Ra6 41.Rb1 Rxb1+ 42.Nxb1 Bxa5 43.Bxa5 Rxa5
44.Rd2 Rc5 45.Na3 Rc1+ 46.Kg2 g5 47.Nc2 Kg7 48.Nd4 Nxd4 49.Rxd4 Rc2 50.a4 Kg6
51.h4 Ra2 52.Rb4 f6 53.hxg5 hxg5 54.g4 Ra3 55.f4 gxf4 56.Rxf4 Kg5 57.Rb4 Kh4
58.Kh2 Rf3 59.Kg1 Rc3 60.Kg2 Ra3 61.Rc4 Rb3 62.Rf4 Ra3 63.f3 Ra2+ 64.Kf1 Kg5
65.Rf5+ Kg6 66.a5  1-0

[Event "19th Belgrade Trophy"]
[Site "Belgrade SRB"]
[Date "2006.11.23"]
[Round "2"]
[White "Stanojevic,B"]
[Black "Stojanovic,Da"]
[Result "1/2-1/2"]
[WhiteElo "2333"]
[BlackElo "2469"]

1.d4 Nf6 2.c4 e6 3.Nf3 b6 4.g3 Ba6 5.b3 Bb7 6.Bg2 Bb4+ 7.Bd2 a5 8.O-O O-O
9.a3 Be7 10.Nc3 d5 11.Ne5 Na6 12.Bg5 Ne4 13.Bxe7 Qxe7 14.Qc2 f6 15.Nd3 f5
16.e3 Rac8 17.cxd5 exd5 18.Nf4 c6 19.Rfc1 Qd6 20.Qd3 Rc7 21.h4 g6 22.Ra2 Re7
23.Na4 b5 24.Nc3 Nf6 25.Nb1 Rfe8 26.Qd2 Qd8 27.Rac2 Nb8 28.Qd1 Rg7 29.Nd2 Qd6
30.a4 bxa4 31.bxa4 Na6 32.Nb3 Nb4  1/2-1/2

[Event "19th Belgrade Trophy"]
[Site "Belgrade SRB"]
[Date "2006.11.23"]
[Round "2"]
[White "Peev,P"]
[Black "Krstic,P"]
[Result "0-1"]
[WhiteElo "2304"]
[BlackElo "2205"]

1.d4 Nf6 2.c4 e6 3.Nf3 b6 4.g3 Ba6 5.Qa4 c5 6.Bg2 Bb7 7.dxc5 Bxc5 8.O-O O-O
9.Nc3 Qc8 10.Bf4 Nh5 11.Bd2 f5 12.Rac1 Be7 13.Rfd1 Na6 14.Ne5 Nc5 15.Qc2 Bxg2
16.Kxg2 Qb7+ 17.Kg1 Rac8 18.a3 Bf6 19.Nf3 Ne4 20.Nxe4 fxe4 21.Ng5 d5 22.b3 Bxg5
23.Bxg5 Qf7 24.Be3 Nf6 25.Qd2 Ng4 26.cxd5 Rxc1 27.Qxc1 exd5 28.Rf1 Qh5 29.h4 Nxe3
30.Qxe3 Qe5 31.Rd1 Rd8 32.Rd4 h6 33.Kh2 Qf5 34.Kg2 Qe5 35.a4 Rd7 36.Qd2 Qf5
37.Qc3 Rf7 38.f3 exf3+ 39.exf3 Qe5 40.Qd3 Rd7 41.Kf2 Qe6 42.Qe3 Qh3 43.Qe8+ Kh7
44.Rg4 Qh2+ 45.Ke3 Qg1+ 46.Kd2 Qf2+ 47.Qe2 Qc5 48.b4 Qd6 49.Qd3+ Kg8 50.Qd4 Qe6
51.Qe3 Qd6 52.h5 Re7 53.Qf2 Qe5 54.Rd4 Qxh5 55.f4 Qf5 56.Qf3 Rd7 57.g4 Qb1
58.Qd3 Qh1 59.Qe2 Kf7 60.Qd1 Qxd1+ 61.Kxd1 Ke6 62.Rd2 d4 63.Re2+ Kd5 64.Kd2 Kc4
65.a5 b5 66.a6 Kxb4 67.Kd3 Kc5 68.Re5+ Kb4 69.f5 Ka5 70.Re6 b4 71.f6 gxf6
72.Rxf6 b3 73.Rxh6 Kb4 74.Rh1 Ka3 75.g5 b2 76.Kc2 Ka2  0-1

[Event "19th Belgrade Trophy"]
[Site "Belgrade SRB"]
[Date "2006.11.27"]
[Round "6"]
[White "Pavlovic,Milo2"]
[Black "Panic,Ne"]
[Result "1-0"]
[WhiteElo "2440"]
[BlackElo "2342"]

1.d4 Nf6 2.c4 e6 3.Nf3 b6 4.g3 Ba6 5.Nbd2 b5 6.cxb5 Bxb5 7.Bg2 d5 8.O-O c5
9.Re1 Nc6 10.e4 cxd4 11.exd5 Nxd5 12.Nb3 Bb4 13.Bd2 Bxd2 14.Qxd2 O-O 15.Nfxd4 Nxd4
16.Nxd4 Bd7 17.Rac1 Qf6 18.Nc6 Bxc6 19.Rxc6 Rad8 20.Bxd5 Rxd5 21.Qxd5 exd5
22.Rxf6 gxf6 23.Re7 Rb8 24.b3 a5 25.Ra7 Rb5 26.Kf1 Rc5 27.Ke1 Kg7 28.Kd2 h5
29.Kd3 Kg6 30.a4 f5 31.f4 h4 32.gxh4 Kh5 33.Kd4 Rc2 34.Rxa5 Kg4 35.Rxd5 Kxf4
36.a5 Rd2+ 37.Kc4 Ra2 38.Kb5 Ke4 39.Rd7 f6 40.Re7+ Kd5 41.Rd7+ Ke4 42.a6 f4
43.a7 f3 44.Kb6 f2 45.Rd1 Ke3 46.h5 f5 47.Rh1 Ra3 48.b4 Ra4 49.b5 Rg4 50.a8=Q Rg1
51.Qa3+ Kf4 52.Qg3+ Rxg3 53.hxg3+ Kxg3 54.h6 Kg2 55.Ra1 f4 56.h7 f1=Q 57.Rxf1 Kxf1
58.h8=Q f3  1-0

[Event "19th Belgrade Trophy"]
[Site "Belgrade SRB"]
[Date "2006.11.29"]
[Round "8"]
[White "Pavlovic,Milo2"]
[Black "Bojchev,M"]
[Result "1-0"]
[WhiteElo "2440"]
[BlackElo "2305"]

1.d4 Nf6 2.c4 e6 3.Nf3 b6 4.g3 Ba6 5.Nbd2 c5 6.e4 cxd4 7.e5 Ng4 8.h3 Nh6
9.Bg2 Bb7 10.O-O d6 11.Nb3 dxe5 12.Bxh6 gxh6 13.Nxe5 Bxg2 14.Kxg2 Nd7 15.Qh5 Nxe5
16.Qxe5 Rg8 17.Rad1 Bg7 18.Qe4 Rc8 19.Nxd4 Qc7 20.Nxe6 fxe6 21.Qxe6+ Kf8
22.Qf5+  1-0